| 000 | 01143nam a22003497a 4500 | ||
|---|---|---|---|
| 001 | 0052757 | ||
| 003 | KOHA_MİRAKIL | ||
| 005 | 20260207003855.0 | ||
| 007 | ta | ||
| 008 | 150629b2011 tu a|||gr||||#0|||1|tur | | ||
| 020 | _a9786051144979 | ||
| 040 |
_aTR-BiSEU _btur _cTR-BiSEU _erda |
||
| 041 | 0 | _atur | |
| 044 | _ctu | ||
| 050 |
_aPL248.M42 _bF57 2011 |
||
| 100 | 1 | _aErsoy, Mehmet Akif. | |
| 245 | 1 |
_aFiraklı nameler/ _cMehmet Akif Ersoy ; Mehmed Akif Ersoy ; hazırlayan Ömer Hakan Özalp ; editör Zeynep Berktaş. |
|
| 264 | 1 |
_aİstanbul : _bTimaş Yayınları _c2011 |
|
| 300 |
_a168 sayfa : _bresimli ; _c25 cm. |
||
| 336 |
_ametin _btxt _2rdacontent |
||
| 337 |
_aaracısız _bn _2rdamedia |
||
| 338 |
_acilt _bnc _2rdacarrier |
||
| 490 | 1 |
_aTimaş yayınları ; _v2541. |
|
| 490 | 1 |
_a _a Görsel tarih ; _v5. |
|
| 650 | 0 |
_aMehmet Akif, 1873-1936--Travel--Egypt. _998563 |
|
| 650 | 0 |
_aMehmet Âkif, 1873-1936--Correspondence. _998564 |
|
| 650 | 0 |
_aPoets, Turkish--Biography. _916823 |
|
| 830 | 1 |
_aTimaş yayınları ; _v2541. _98079 |
|
| 830 | 1 |
_a _a Görsel tarih ; _v5. _998565 |
|
| 907 | _aRoman | ||
| 942 |
_2lcc _cBK |
||
| 999 |
_c52571 _d52571 |
||